header

Chancellorsville, and Gettysburg (Record no. 251)

MARC details
000 -LEADER
fixed length control field 01432nam a2200325Ia 4500
100 1# - MAIN ENTRY--AUTHOR NAME
Personal name Doubleday, Abner,
245 10 - TITLE STATEMENT
Title Chancellorsville, and Gettysburg
260 ## - PUBLICATION, DISTRIBUTION, ETC. (IMPRINT)
Place of publication Scituate, Mass. :
Name of publisher Digital Scanning,
Year of publication 2001.
300 ## - PHYSICAL DESCRIPTION
Number of Pages xviii, 265 p. :
Other physical details ill., 2 port., maps.
490 0# - SERIES STATEMENT
Series statement The army in the Civil War ;
500 ## - GENERAL NOTE
General note "As published in 1885."
General note Originally published: The Army in the Civil War, Volume VI: Chancellorsville, and Gettysburg. New York: C. Scribner's sons, 1882.
650 00 - SUBJECT ADDED ENTRY--TOPICAL TERM
Topical Term Chancellorsville, Battle of, Chancellorsville, Va., 1863.
Topical Term Gettysburg, Battle of, Gettysburg, Pa., 1863.
856 40 - ELECTRONIC LOCATION AND ACCESS
Uniform Resource Identifier http://site.ebrary.com/lib/rucke/Doc?id=5003697

No items available.

© 2026 Rongo University
Contact us: librarian | system librarian | Rongo university